LEADER 00916nam0-22003011i-450- 001 990003225180403321 035 $a000322518 035 $aFED01000322518 035 $a(Aleph)000322518FED01 035 $a000322518 100 $a20000920d1985----km-y0itay50------ba 101 0 $aita 102 $aIT 200 1 $a<>transporte en cifras$fComunidad Autonoma de la Region de Murcia. Consejeria de politica territorial y obras publicas. 210 $aMurcia$c[s.n.]$d1985. 215 $a142 p.$d25 cm 225 1 $aCuadernos tecnicos$v1 676 $aA/8 676 $aH/3.1 712 2$aComunidad Autonoma de la Region de Murcia. Consejeria de politica territorial y obras publicas 801 0$aIT$bUNINA$gRICA$2UNIMARC 901 $aBK 912 $a990003225180403321 952 $aDep A/8 TRA$bs.n.307$fSES 959 $aSES 996 $aTransporte en cifras$9454738 997 $aUNINA DB $aING01